000 00461nam a22001697a 4500
005 20240722121615.0
008 240722b |||||||| |||| 00| 0 eng d
020 _a9780470380253
082 _a775
_bSHE-D
100 _aSheppard Rob
245 _aDigital Photography Simplified /
_cRob Sheppard
260 _aUSA:
_bCengage learning;
_c2008.
300 _axiv, 225 p. :
_bill;
_c27 cm.
500 _ainclude index.
650 _aGraphic design
999 _c36167
_d36167